Alogeni - Statistics

Statistiche generali
  • Questo quiz è stato fatto 7 volte
  • Il punteggio medio è 4 su 5
Statistiche sulle risposte
Z Simbolo Elemento % Corretto
17 Cl Cloro
100%
53 I Iodio
100%
35 Br Bromo
80%
9 F Fluoro
80%
85 At Astato
60%
Nessun quiz corrispondente trovato
Distribuzione punteggi
Percentuale di utenti per punteggio
Percentile per numero di risposta
I tuoi punteggi nel tempo
Non hai fatto questo quiz